Risiken bei Inbound-M&A-Transaktionen in der Volksrepublik China - <Eine> empirische Analyse vor dem Hintergrund ungleicher Informationsverteilung dizertačná práca

Guardado en:
Detalles Bibliográficos
Autor principal: Ludwig, Sven
Autor Corporativo: Fakulta podnikového manažmentu EU. Katedra podnikových financií
Otros Autores: Markovič, Peter, 1974-
Formato: Libro
Lenguaje:alemán
Publicado: Bratislava 2019
Materias:
Etiquetas: Agregar Etiqueta
Sin Etiquetas, Sea el primero en etiquetar este registro!

MARC

LEADER 00000nbm a2200000 4500
001 0256907
005 20230302102652.5
041 0 |a ger 
044 |a SK 
245 1 0 |a Risiken bei Inbound-M&A-Transaktionen in der Volksrepublik China - <Eine> empirische Analyse vor dem Hintergrund ungleicher Informationsverteilung  |b dizertačná práca  |c Sven Ludwig ; školiteľ: Peter Markovič 
264 1 |a Bratislava  |c 2019 
300 |a 134 s. 
610 2 0 |a podnik 
610 2 0 |a akvizícia 
610 2 0 |a fúzie 
610 2 0 |a investori 
610 2 0 |a audit finančný 
610 2 0 |a dane 
610 2 0 |a právo 
610 2 0 |a riziko 
610 2 0 |a informácie 
610 2 0 |a rozdeľovanie 
610 2 0 |a riadenie rizík 
610 2 0 |a Čína 
100 1 |a Ludwig, Sven 
700 1 |a Markovič, Peter, 1974- 
710 2 |a Fakulta podnikového manažmentu EU. Katedra podnikových financií